Govt. of
Madhya Pradesh

A Journey Through India's Past (Record no. 14522)

MARC details
000 -LEADER
fixed length control field 004910000a22001930004500
001 - CONTROL NUMBER
control field 002613
003 - CONTROL NUMBER IDENTIFIER
control field MACL
005 - DATE AND TIME OF LATEST TRANSACTION
control field 20150804175033.0
008 - FIXED-LENGTH DATA ELEMENTS--GENERAL INFORMATION
fixed length control field 150804b xxu||||| |||| 00| 0 eng d
040 ## - CATALOGING SOURCE
Original cataloging agency MACL
Transcribing agency MACL
041 ## - LANGUAGE CODE
Language code of text/sound track or separate title English
082 ## - DEWEY DECIMAL CLASSIFICATION NUMBER
Classification number 900/MAN
100 ## - MAIN ENTRY--PERSONAL NAME
Personal name Mani, Chandra Mauli
9 (RLIN) 4796
245 ## - TITLE STATEMENT
Title A Journey Through India's Past
Statement of responsibility, etc. Chandra Mauli Mani
260 ## - PUBLICATION, DISTRIBUTION, ETC. (IMPRINT)
Place of publication, distribution, etc. New Delhi
Date of publication, distribution, etc. 2005
Name of publisher, distributor, etc. Northern Book Centre,
350 ## - PRICE (NR) (BK AM CF MU VM SE) [OBSOLETE]
Price 400
650 ## - SUBJECT ADDED ENTRY--TOPICAL TERM
Topical term or geographic name as entry element History
9 (RLIN) 4797
942 ## - ADDED ENTRY ELEMENTS (KOHA)
Call number prefix 900
Koha item type Books
Source of classification or shelving scheme
Holdings
Withdrawn status Lost status Source of classification or shelving scheme Damaged status Not for loan Home library Current library Date acquired Cost, normal purchase price Total Checkouts Full call number Barcode Date last seen Uniform Resource Identifier Price effective from Koha item type
          MACL MACL 15/04/2015 400.00   900/MAN CRE019633 02/05/2024 14408 15/04/2015 Books